| 000 | 00529nam a2200217 a 4500 | ||
|---|---|---|---|
| 999 |
_c4966 _d4966 |
||
| 001 | 4966 | ||
| 003 | BD-JhCC | ||
| 005 | 20171206092701.0 | ||
| 008 | 171206s19251959e |||| || | 000 0 eng d | ||
| 035 | _a(BD-JhCC)4966 | ||
| 040 |
_aBD-JhCC _dBD-JhCC |
||
| 041 | _aeng | ||
| 082 |
_a822.33 _bBRI 1959 |
||
| 100 | _aBrinsley, Richard | ||
| 245 |
_aThe Rivals / _cRichard Brinsley, |
||
| 260 |
_aLondon : _bJ. M. Dent & Sons Ltd, _c1959. |
||
| 300 |
_a187 p. : _c15 cm. |
||
| 650 | _aDrama | ||
| 942 |
_2ddc _cBK |
||